Finding the law : (Record no. 4983)
[ view plain ]
| 000 -LEADER | |
|---|---|
| fixed length control field | 00775pam a2200265 4500 |
| 001 - CONTROL NUMBER | |
| control field | 4983 |
| 003 - CONTROL NUMBER IDENTIFIER | |
| rucl marc code | BD-RjUL |
| 005 - DATE AND TIME OF LATEST TRANSACTION | |
| control field | 20211208234005.0 |
| 008 - FIXED-LENGTH DATA ELEMENTS--GENERAL INFORMATION | |
| fixed length control field | 131224s1974 nyu b 001 0 eng |
| 020 ## - INTERNATIONAL STANDARD BOOK NUMBER | |
| International Standard Book Number | 0379110903 |
| 035 ## - SYSTEM CONTROL NUMBER | |
| System control number | (BD-RjUL)5019 |
| 040 ## - CATALOGING SOURCE | |
| Original cataloging agency | DLC |
| Transcribing agency | DLC |
| Modifying agency | DLC |
| -- | BD-RjUL |
| Language of cataloging | eng |
| 041 ## - LANGUAGE CODE | |
| Language code of text/sound track or separate title | eng |
| 082 00 - DEWEY DECIMAL CLASSIFICATION NUMBER | |
| Classification number | 340.072073 |
| Edition number | 19 |
| Author mark and year | LLF 1974 |
| 100 1# - MAIN ENTRY--PERSONAL NAME | |
| Personal name | Lloyd, David, |
| Dates associated with a name | 1946- |
| 9 (RLIN) | 15681 |
| 245 10 - TITLE STATEMENT | |
| Title | Finding the law : |
| Remainder of title | a guide to legal research / |
| Statement of responsibility, etc. | David Lloyd. |
| 260 ## - PUBLICATION, DISTRIBUTION, ETC. (IMPRINT) | |
| Place of publication, distribution, etc. | Dobbs Ferry, N.Y. : |
| Name of publisher, distributor, etc. | Oceana Publications, |
| Date of publication, distribution, etc. | c1974. |
| 300 ## - PHYSICAL DESCRIPTION | |
| Pagination | v, 119 p. ; |
| Size | 20 cm. |
| 490 0# - SERIES STATEMENT | |
| Series statement | Legal almanac series, no. 74 |
| 504 ## - BIBLIOGRAPHY, ETC. NOTE | |
| Bibliography, etc | Includes bibliographies. |
| 650 #0 - SUBJECT ADDED ENTRY--TOPICAL TERM | |
| Topical term or geographic name as entry element | Legal research |
| Geographic subdivision | United States. |
| 9 (RLIN) | 1238 |
| 942 ## - ADDED ENTRY ELEMENTS (KOHA) | |
| Source of classification or shelving scheme | Dewey Decimal Classification |
| Koha item type | Books |
| Lost status | Source of classification or shelving scheme | Damaged status | Not for loan | Collection code | Permanent Location | Current Location | Shelving location | Date acquired | Source of acquisition | Cost, normal purchase price | Total Checkouts | Full call number | Date last seen | Copy number | Koha item type |
|---|---|---|---|---|---|---|---|---|---|---|---|---|---|---|---|
| Dewey Decimal Classification | Non-fiction | Central Library, University of Rajshahi | Central Library, University of Rajshahi | 13/04/1982 | Heffers. | 5.25 | 340.072073 LLF 1974 | 24/12/2013 | C-3 | Books | |||||
| Dewey Decimal Classification | Not For Loan | Non-fiction | Central Library, University of Rajshahi | Central Library, University of Rajshahi | 13/04/1982 | Heffers | 5.25 | 340.072073 LLF 1974 | 19/01/2014 | C-1 | Books | ||||
| Dewey Decimal Classification | Non-fiction | Central Library, University of Rajshahi | Central Library, University of Rajshahi | 13/04/1982 | Heffer | 5.25 | 340.072073 LLF 1974 | 27/07/2016 | C-2 | Books |